| 000 | 00558nam a22001817a 4500 | ||
|---|---|---|---|
| 003 | OSt | ||
| 005 | 20260127104840.0 | ||
| 008 | 250703b |||||||| |||| 00| 0 eng d | ||
| 020 | _a9781842142196 | ||
| 040 | _cOutspan Global University | ||
| 050 | _aQR67.B6 2004 | ||
| 100 |
_aBottone Edward J. _eauthor |
||
| 245 |
_aAn atlas of the clinical microbiology of infectious diseases _b bacterial agents _cby Edward J. Bottone |
||
| 250 | _a1ST ED. | ||
| 260 |
_aInforma UK _bCRC Press _cc2003 |
||
| 700 |
_aBottone Edward J. _eauthor |
||
| 942 |
_2lcc _cBK _n0 |
||
| 999 |
_c2530 _d2530 |
||